Hisap Rakhyan paddhati tatwa aaru prayog : (Record no. 5386)

MARC details
000 -LEADER
fixed length control field 00464cam a2200169ua 4500
008 - FIXED-LENGTH DATA ELEMENTS--GENERAL INFORMATION
fixed length control field 131125n ii |||gr||||Z||||||asm
040 ## - CATALOGING SOURCE
Transcribing agency MAIN
082 ## - DEWEY DECIMAL CLASSIFICATION NUMBER
Classification number 657
245 ## - TITLE STATEMENT
Title Hisap Rakhyan paddhati tatwa aaru prayog :
Remainder of title Volume II /
Statement of responsibility, etc. By Pradip bora .
260 ## - PUBLICATION, DISTRIBUTION, ETC.
Place of publication, distribution, etc. Guwahati:
Name of publisher, distributor, etc. janambhumi press private LTD,
Date of publication, distribution, etc. 1989.
300 ## - PHYSICAL DESCRIPTION
Extent x,348p.
700 ## - ADDED ENTRY--PERSONAL NAME
Personal name Bora,Pradip,
Relator term
942 ## - ADDED ENTRY ELEMENTS (KOHA)
Koha item type Books
653 ## - INDEX TERM--UNCONTROLLED
Uncontrolled term Commerce
653 ## - INDEX TERM--UNCONTROLLED
Uncontrolled term Hisap Rakhyan Paddhati
Holdings
Withdrawn status Lost status Damaged status Not for loan Home library Current library Shelving location Date acquired Total Checkouts Full call number Barcode Date last seen Copy number Price effective from Koha item type
        Central Library, Naharkatiya College Central Library, Naharkatiya College General Stacks 19/09/2020   657 | BOR 13225 19/09/2020 1 19/09/2020 Books

Naharkatiya College © 2020. All rights reserved.

Powered By